000 00413nam a2200157Ia 4500
008 160316s1976 xxu||||| |||| 00| 0 eng d
082 _a341.000000
_bVER-IX
100 _aVerzijl J H W
245 _aInternational law in historical perspective.Vol.IX : The law of war
250 _a
260 _aLeyden
_bA W Sijthoff
_c1976
300 _a547
_b
_c
365 _b
650 _a1.International Law
700 _a
_a
999 _c9421
_d9421